000
00282nam a2200109Ia 4500
008
200302s9999 xx 000 0 und d
100
_a
Melina Deliyannis (Edi)
245
_a
Peter Pran Of Nbbj Realizations
260
_b
Images Publishing, Austraila
260
_c
2007
300
_a
223 P
999
_c
4803
_d
4803